000 01485nam a2200289 a 4500
001 000000209
005 20240305100140.0
008 081117s2007 dr ac r 001 0 spa d
020 _a9789945862805
020 _a9945862804
040 _aDO-SdBNP
_bspa
_cBNPHU
082 _a294.5436
_bD488e
100 1 _aDevanand Saraswati, Swami Guru,
_d1917-
_9684
245 1 0 _aEnseñanzas del maestro :
_bel camino directo hacia la realización divina /
_cSwami Guru Devanand, Saraswati Ji Maharaj.
260 _aSanto Domingo :
_bSociedad Internacional de Realización Divina,
_c2007.
300 _a170 p. :
_bil., retr. ;
_c23 cm.
500 _aIncluye datos biográficos del autor en la solapa de la cubierta.
505 2 _tPrólogo --
_tDesarrollo del magnetismo a través del Mantra yoga meditación --
_tLa búsquedad de la sabiduría, o la integración física, mental y espiritual --
_tLey del Karma, reencarnación y desarrollo de la inteligencia --
_tBeneficios de la meditación a nivel físico y psicológico --
_tTransformación de la personalidad --
_tEl Mantra yoga meditación --
_tShri Adi Shankaracharya --
_tEsencia de la filosofía --
_tImportancia de la práctica espiritual --
_tMás preguntas y respuestas.
590 _aInventariado, 2018/VM
650 4 _aYoga
_9685
650 4 _aMagnetismo
_9686
650 4 _aMeditación
_9687
650 4 _aSabiduría
_9688
650 4 _aHinduismo
_9689
700 1 _aMaharaj, Ji Maharaj
_9690
910 _aValidado. Control de calidad. MFF
999 _c209
_d209